00545nam a22002177a 450000500170000001000110001702000100002803500110003803700160004904000120006508200160007710000140009324500490010726000460015627000390020230000230024150000200026465000140028465000160029865000130031420170124105922.0 a148834 c00.00 a148834 bCen Lib/Ret aDPLbEN a371.26bROS aRoss.C.C. aMeasurement in today,s school /cby C.C.Ross aEnglewood CliffsbPrentice hall,Incc1941 aEnglewood CliffsbEnglewood Cliffs axv,485p.c20cm(Hb) aIncludes index aEducation aMeasurement a